| 000 | 01693nam a2200457 i 4500 | ||
|---|---|---|---|
| 001 | 193099 | ||
| 003 | SpMaBN | ||
| 005 | 20250811110328.0 | ||
| 007 | ta | ||
| 008 | 230727s1980 sp spa | ||
| 016 | 7 |
_abimoBNE19981770432 _zIND9200370407 _2SpMaBN |
|
| 017 |
_aO 1130-1980 _bOficina Depósito Legal Asturias |
||
| 020 | _a8470901044 | ||
| 035 | _a(OCoLC)432079290 | ||
| 035 | _abimo0000931737 | ||
| 040 |
_aSpMaBN _bspa _cA2 _dES-MaACL |
||
| 080 | _a903(46) | ||
| 080 | _a639.1(46) | ||
| 100 | 0 |
_aGómez-Tabanera, José Manuel, _d1926-2011 _0XX930276 _958165 |
|
| 245 | 1 | 3 |
_aLa caza en la prehistoria (Asturias, Cantabria, Euskal-Herria) / _cJosé Manuel Gómez-Tabanera |
| 260 |
_aMadrid : _bIstmo, _cD.L. 1980 |
||
| 300 |
_a415 p. : _bil. ; _c22 cm |
||
| 336 |
_2rdacontent _aTexto |
||
| 337 |
_2rdamedia _asin mediación |
||
| 338 |
_2rdacarrier _avolumen |
||
| 490 | 1 |
_aArtes técnicas humanidades ; _v1 |
|
| 500 | _aÍndices | ||
| 500 | _aCatalogación provisional. Signatura: N 8569. Depósito J. | ||
| 504 | _aBibliografía: p. [392]-401 | ||
| 650 | 7 |
_aCaza- _zEspaña- _vHistoria _2embne _9233952 |
|
| 651 | 4 |
_aEspaña- _xRestos arqueológicos prehistóricos _2embne _98490 |
|
| 830 | 0 |
_aArtes, técnicas, humanidades _v1 _9233953 |
|
| 852 |
_aES-MaACL _9200407 _bR.153486 _jN-8569 _cDEPOJ _fTapadas con corrector _hDonación: Arturo Bravo _zEn proceso |
||
| 903 |
_9234203 _aBravo, Arturo _ednr |
||
| 942 |
_n0 _cMONOGRAFIA |
||
| 956 | _a1 2 | ||
| 999 |
_c193099 _d193099 |
||